<?xml version="1.0" encoding="UTF-8"?>
<marc:record xmlns:marc="http://www.loc.gov/MARC21/slim">
   <marc:leader>00000nam a2200000 a 4500</marc:leader>
   <marc:datafield ind1="1" ind2=" " tag="100">
      <marc:subfield code="a">Stadtgemeinde Purkersdorf (Hrsg.)</marc:subfield>
      <marc:subfield code="4">aut</marc:subfield>
      <marc:subfield code="e">Verfasser/-in</marc:subfield>
   </marc:datafield>
   <marc:datafield ind1="0" ind2="0" tag="245">
      <marc:subfield code="a">Purkersdorf - Die besondere Stadt im Wienerwald</marc:subfield>
   </marc:datafield>
   <marc:datafield ind1="0" ind2="0" tag="245">
      <marc:subfield code="b">The Special Town in the Vienna Woods</marc:subfield>
   </marc:datafield>
   <marc:datafield ind1=" " ind2="1" tag="264">
      <marc:subfield code="b">Stadtgemeinde Purkersdorf</marc:subfield>
      <marc:subfield code="c">2004</marc:subfield>
   </marc:datafield>
   <marc:datafield ind1="1" ind2=" " tag="520">
      <marc:subfield code="a">Purkersdorf ist eingebettet in eine "magische" Landschaft von Wald, Wiesen, sanften Hügeln und Tälern. Und genau diese Magie wurde in diesem Buch eingefangen - es gibt Zeugnis vom Leben in Purkersdorf und vom Engagement seiner Bürgerinnen und Bürger. 
Purkersdorf war und ist eng mit dem Wienerwald und seiner vielfältigen Landschaft verbunden. Beschrieb doch bereits Adalbert Stifter diese Gegend mit den Worten: "... ein liebliche, reiches gemütanregendes Gemisch von Feld, Wald und Hügeln ...".
Purkersdorf nestles in a "magical" landscape of woods, meadows, rolling hills and valleys, and it is precisely this magic that has been captured in this book - a testament to life in Purkersdorf and the involvement of its citizens. Purkersdorf has been closely linked with the Vienna Woods and its varied scenery. Even the renowned Austrian poet Adalbert Stifter described the area in these words "... a delightful, bountiful, soul-stirring mixture of fields, woods and hills ...".</marc:subfield>
   </marc:datafield>
   <marc:datafield ind1="3" ind2=" " tag="024">
      <marc:subfield code="a">3200002719</marc:subfield>
   </marc:datafield>
</marc:record>
